00561 2200181 4500001002100000005001500021035002000036245013200056100002200188300003200210260003500242082001200277084001800289020001800307600002000325990001700345990001700362INLIS00000000000024020240925090948 a0010-09240000251 aKehampaan Spiritual Masyarakat Modern : Respon dan Transformasi Nilai-Nilai Islam Menuju Masyarakat Madani /cNurcholish Madjid0 aNurcholish Madjid a580 hlm :bilus ;c14x21 cm aJakarta :bPT Mediacita,c2002 a297.636 a297.636 NUR k a979-95943-0-8 4aDemokrasi Islam a0749/PP/2023 a0750/PP/2023